MDQL
is popping MORE tags! Check the
thread
!
Quizzes
Events
Quiz Creation
Community
Videos
Private Events
Remove Ads
Sign In
Join for FREE
Feedback
Dark Mode
Quiz Categories
Sports
Geography
Music
Movies
Television
Just For Fun
Miscellaneous
History
Literature
Language
Science
Gaming
Entertainment
Religion
Holiday
For Kids
Quiz Lab
Recent
Popular Today
Quiz Kudos Today
Editor Picks
Curator Picks
Quizzes by...
Day
Popularity
Type
Ratings
Length
Year
Community
Subscriptions
Recent Discussions
Orange Saloon
Badges
Playlists
Quests
Create
Leaderboards
Showdown
Live 5
Trivia Bingo
Activity
Puzzle Library
Sporcle Events
Private Events
Virtual Trivia
Globe League
Become a Host
Pub Owners
SporcleCon
Opinionation
Our Games
Videos
Blog
Mobile Apps
Partnerships
Remove Ads and Go Orange
Feedback
Just For Fun
Clickable
Get the Picture
Humor
Quick Pick
Word Ladder
Missing Word
Mixed Word
Blitz
Minefield
This or That
Alphabet
Color
Typing
Sporcle
Puzzle
Word Play
Follow That Line
Logic
Just For Fun
Clickable
Get the Picture
Humor
Quick Pick
Word Ladder
Missing Word
Mixed Word
Blitz
Minefield
This or That
Alphabet
Color
Typing
Sporcle
Puzzle
Word Play
Follow That Line
Logic
Random Quiz
Search Sporcle
×
Quiz Lab
Quiz Lab
Just For Fun
Flavor
Type in answers that appear in a list
Type in answers that appear in a list
Classic
Best Score? Go Orange.
Starburst Flavors Stats
Can you name the Starburst Flavors?
By
grafaelian
10m
15 Questions
32 Plays
32 Plays
32 Plays
Comments
Comments
Give Quiz Kudos
Give Quiz Kudos
-
- Ratings
hide this ad
Replay
Link that replays current quiz
Next Quiz
Link to next quiz in quiz playlist
You Got
0%
They Got
Avg Score
35%
Avg Friend Score
Upgrade to see
Score Distribution
Jump to the score distribution portion of the page
Score
0/15
Timer
10:00
0
Plays Today
Flavor
% Correct
Lemon
96.9%
Strawberry
90.6%
Cherry
90.6%
Orange
90.6%
Watermelon
56.3%
Fruit Punch
31.3%
Pina Colada
21.9%
Strawberry Banana
18.8%
Flavor
% Correct
Mango Melon
15.6%
Raspberry Pomegranate
3.1%
Strawberry Starfruit
3.1%
Passionfruit Punch
3.1%
Blueberry Acai
3.1%
Royal Berry Punch
0%
0%
Quiz Playlist
Details
Report
Send in Message
Add To Playlist
Classic:
Type in answers that appear in a list
Last Updated: Feb 16, 2017
Quiz Scoreboard
CHALLENGE
Sign Up to Join the Scoreboard
Show All
Scores
Hide
Comments
May contain spoilers
Recently Published
Colored Red Africa Blitz
by spor1
Geography
30s
Find the 'City' Movie
by crazypaving
Movies
60s
5x2 Blitz: Bands
by SL_Kpop136
Music
30s
More to Explore
Quiz From the Vault
Featured Blog Post
14 Easter Pick-up Lines to Find Eggs With
hide this ad
You Might Also Like...
Tags
Flavor
starburst
Today's Top Quizzes in Just For Fun
Browse Just For Fun
hide this ad
Today's Top Quizzes in Flavor
Browse Flavor
Top Contributed Quizzes in Just For Fun
1
Name Just One - 10 to 1: Just For Fun
2
Ultimate Minefield Blitz VIII
3
Yarn Creations Logic Puzzle
4
Taylor Swift Logic Puzzle (Songs)
5
Kpop zombie apocalypse mystery (logic puzzle)
6
Survivor Winners Logic Puzzle
7
Quick 5-Color Logic (18)
8
Killer Double Trees 116 - Colour Mis-Match
9
Killer Double Trees 104 - Colour Mis-Match
10
Kyle's 122nd Triple Trees
Explore More
Trending Topics
Crossword
Anime
Harry Potter
Kpop
NBA
Marvel
Disney
The Office
Country
Puzzle
Song
Pokémon
WWE
Soccer
NFL
hide this ad
More By:
grafaelian
Quiz
Plays
Rating
Category
Featured
Created
'Stressed Out' Lyrics
388
3.00
Music
Feb 11, 2016
Most Popular Shows on Netflix (U.S)
164
2.50
Television
Jun 27, 2015
Starburst Flavors
32
Just For Fun
Jun 28, 2015
Go to Creator's Profile
Score Distribution
Quiz Creator Spotlight
grafaelian
Follow
Send a Message
Quizzes Created
-
Created Quiz Play Count
-
More By This Creator
Popular Quizzes Today
1
5x2 Blitz: Bands
2
Find the 'City' Movie
3
Colored Red Africa Blitz
4
Find the US States - No Outlines Minefield
5
The Countries of the World
6
Find the US States
7
9x9 Crossword: Cartoon Network
8
US States
More Just For Fun Quizzes
Missing Word: 'F' in Video Games
Published
Trending Quizzes
Colored Red Africa Blitz II
Colored Red Europe Blitz I
Christmas Pick: Judaism
Colored Red Africa Blitz III
Colored Red Europe Blitz II
Recently Updated
Champions League XIs: Real Madrid
pecheneg
Largest US Cities 1790-2010
pecheneg
Rides in Walt Disney World
pecheneg
Most Oscar Losses (Acting)
pecheneg
Beyoncé Albums
pecheneg
Leaping Animals
pecheneg
Reality TV Shows (A-Z)
bhenderson79
Rickey Henderson's Hall of Fame Teammates
pecheneg
Champions League XIs: Arsenal
pecheneg
Quick Pick: Celebrities in WWE's Hall of Fame
aduchscher
Trending Topics
Marvel
Anime
Harry Potter
NBA
Kpop
Crossword
Disney
Soccer
Pokémon
WWE
Song
Puzzle
NFL
The Office
Country
Your Account Isn't Verified!
In order to create a playlist on Sporcle, you need to verify the email address you used during registration. Go to your
Sporcle Settings
to finish the process.
Report this User
Report this user for behavior that violates our
Community Guidelines
.
Details:
Send Report
Go to the Sporcle.com Mobile Site →
Comments